000 00530 a2200205 4500
001 140250
040 _cLeonardo Da Vinci
041 _aPortuguês
082 _a830 M282j
_bM282j
100 _aMANN, Thomas
245 _aJosé e seus irmãos
_bJosé, o provedor
250 _av.3
260 _bNova fronteira
_c1983
_aRio de Janeiro
300 _a449
362 _a19830000
490 _aGrandes romances
500 _aAgenor Soares de Moura (Tradução)
697 _aLiteratura alemã
_aRomance
_aAlemanha
942 _cBK
999 _c140250
_d140250